[Event "Guba op"]
[Site "Guba"]
[Date "2023.02.10"]
[Round "6"]
[White "Abasov, Yusif"]
[Black "Bashirli, Nail Qoshqar"]
[Result "0-1"]
[WhiteElo "1597"]
[BlackElo "2348"]
[PlyCount "47"]
[EventDate "2023.02.07"]
[EventType "swiss"]
[EventRounds "9"]
[EventCountry "AZE"]
[SourceTitle "CBM 212 Extra"]
[Source "ChessBase"]
[SourceDate "2023.03.31"]
[SourceVersion "1"]
[SourceVersionDate "2023.03.31"]
[SourceQuality "1"]

1. d4 Nf6 2. Nf3 e6 3. Bf4 b6 4. h3 Bb7 5. e3 g6 6. Bd3 Bg7 7. Nbd2 0-0 8. 0-0 d6 9. c3 Nbd7 10. e4 Qe7 11. e5 dxe5 12. dxe5 Nd5 13. Bg3 Nc5 14. Be4 Nxc3 15. bxc3 Nxe4 16. Nxe4 Bxe4 17. Re1 Bb7 18. Bh4 Qc5 19. Qd4 Qxd4 20. Nxd4 a6 21. c4 h6 22. f4 Rfc8 23. Rab1 Bf8 24. Kf1 0-1

[Event "EU School-ch U09"]
[Site "Budva"]
[Date "2017.06.14"]
[Round "5"]
[White "Azimov, Timur"]
[Black "Abasov, Yusif"]
[Result "0-1"]
[WhiteElo "1345"]
[BlackElo "1438"]
[PlyCount "44"]
[EventDate "2017.06.11"]
[EventType "swiss"]
[EventRounds "9"]
[EventCountry "MNE"]
[SourceTitle "EXT 2024"]
[Source "ChessBase"]
[SourceDate "2023.10.10"]
[SourceVersion "1"]
[SourceVersionDate "2023.10.10"]
[SourceQuality "1"]

1. e4 c5 2. d4 cxd4 3. c3 d3 4. Bxd3 Nc6 5. Nf3 d6 6. 0-0 g6 7. Nbd2 Bg7 8. Nb3 Nf6 9. Bg5 0-0 10. Qd2 Bg4 11. Ne1 Ne5 12. f4 Nxd3 13. Nxd3 Nxe4 14. Qe1 Nxg5 15. fxg5 Bf5 16. Rd1 e6 17. Qg3 Qb6+ 18. Kh1 Rfd8 19. Rd2 Rac8 20. Nf2 Be5 21. Qh4 Qa6 22. Ra1 Rc4 0-1